Gods And Goddesses. - Statistics

General Stats
  • This quiz has been taken 16 times
  • The average score is 7 of 10
Answer Stats
Hint Answer % Correct
Greek God of the underworld. Hades
93%
Roman God of war. Mars
93%
Greek Goddess of beauty and patron of wine. Aphrodite
87%
Egyptian God of the sun. Ra
87%
Roman Goddess of the hunt,moon and childbirth. Diana
80%
Twin of the Roman Goddess of the hunt. Apollo
73%
Greek Goddess of harvest,sacred law and the life and death. Demeter
60%
Roman God of fire and maker of the Gods weapons. Vulcan
60%
Egyptian Lord of the underworld and judge of the dead. Osiris
47%
Egyptian God of peace,lions,air and wind. Shu
13%
No matching quizzes found
Score Distribution
Percent of People with Each Score
Percentile by Number Answered
Your Score History
You have not taken this quiz